| 000 | 00689nam a2200241 a 4500 | ||
|---|---|---|---|
| 001 | BRCA_6817 | ||
| 005 | 20190320205614.0 | ||
| 008 | 041111s1914----gw-#######---#000-0#ger-# | ||
| 041 | _ager | ||
| 044 | _agw | ||
| 050 | 4 |
_aPT2653 _p.W4 B4 1 1914 |
|
| 245 | 1 | 0 |
_aArnold Zweig Die Bestie _bErzählungen |
| 260 |
_aMúnich, Alemania _bA. Langen _c1914 |
||
| 300 |
_a111 p. _c17 cm. |
||
| 440 | 0 |
_aLangens Kriegsbücher ; Geschichte aus Deutschlands Kämpfen 1914 _v3 _917005 |
|
| 500 | _aEjemplar intonso | ||
| 500 | _aVer también O5 | ||
| 500 | _aO4 | ||
| 600 | 1 | 4 |
_aZweig, Arnold _d1887-1968 _917006 |
| 650 | 1 | 4 |
_aLiteratura Alemana _xFicción _917007 |
| 902 | _aGFM | ||
| 942 |
_2lcc _cB |
||
| 999 |
_c6500 _d6500 |
||